| 000 | 00509nam a2200169 i 4500 | ||
|---|---|---|---|
| 001 | 80411 | ||
| 003 | ES-MaACL | ||
| 005 | 20230906174217.0 | ||
| 007 | t| | ||
| 008 | 041028s1972 sp ||||1| spa d | ||
| 100 | 1 |
_aHiguera Gutiérrez, Pablo de la. _963649 |
|
| 245 | 1 | 0 |
_aIn, out, off _b: (historia pop-lítica contemporánea) / _cPablo de la Higuera Gutiérrez. |
| 250 | _a[1ª ed.]. | ||
| 260 |
_aBarcelona : _bPenínsula, _c1972. |
||
| 300 |
_a213 p. : _b19 cm. |
||
| 852 |
_aES-MaACL _jC-51364 _bR.84030 |
||
| 999 |
_c80411 _d80411 |
||